<?xml version="1.0" encoding="UTF-8"?>
<marc:record xmlns:marc="http://www.loc.gov/MARC21/slim">
   <marc:leader>00000nam a2200000 a 4500</marc:leader>
   <marc:datafield ind1="1" ind2=" " tag="100">
      <marc:subfield code="a">Ebertz, Michael N.</marc:subfield>
      <marc:subfield code="4">edt</marc:subfield>
      <marc:subfield code="e">Bearbeiter/-in</marc:subfield>
   </marc:datafield>
   <marc:datafield ind1=" " ind2=" " tag="653">
      <marc:subfield code="a">Angelologie</marc:subfield>
   </marc:datafield>
   <marc:datafield ind1=" " ind2=" " tag="653">
      <marc:subfield code="a">Engel</marc:subfield>
   </marc:datafield>
   <marc:datafield ind1=" " ind2=" " tag="653">
      <marc:subfield code="a">Kultur</marc:subfield>
   </marc:datafield>
   <marc:datafield ind1=" " ind2=" " tag="653">
      <marc:subfield code="a">Religionssoziologie</marc:subfield>
   </marc:datafield>
   <marc:datafield ind1=" " ind2=" " tag="653">
      <marc:subfield code="a">Aufsatzsammlung</marc:subfield>
   </marc:datafield>
   <marc:datafield ind1="0" ind2="0" tag="245">
      <marc:subfield code="a">Engel unter uns</marc:subfield>
   </marc:datafield>
   <marc:datafield ind1="0" ind2="0" tag="245">
      <marc:subfield code="b">soziologische und theologische Miniaturen</marc:subfield>
   </marc:datafield>
   <marc:datafield ind1="0" ind2="0" tag="245">
      <marc:subfield code="c">hrsg. von Michael N. Ebertz und Richard Faber</marc:subfield>
   </marc:datafield>
   <marc:datafield ind1=" " ind2="1" tag="264">
      <marc:subfield code="a">Würzburg</marc:subfield>
      <marc:subfield code="b">Königshausen &amp; Neumann</marc:subfield>
      <marc:subfield code="c">2008</marc:subfield>
   </marc:datafield>
   <marc:datafield ind1="1" ind2=" " tag="520">
      <marc:subfield code="a">Angaben aus der Verlagsmeldung

Engel unter uns : Soziologische und theologische Miniaturen

M. N. Ebertz / R. Faber: Vorwort – I. G. Schmidtchen: Gute und böse Engel – V. Krech: Sind Schutzengel Versicherungsagenten? – J. Valentin: Angeli interpretandi - Vom Nutzen der Engel für die Theologie – R. Faber: Katholisch-liturgische Angelologie bzw. Soziologie – C. Auffarth: Engel in Uniform – besonders auf den Kreuzzügen – II. M. Hainz SJ: „Wir sind keine Engel, wir machen nur ihren Job“. Atheistische und jesuitische Engeldeutungen – H. Staigies: Moderne Engel und ihre Deuter. Zur Popularität von Engeln in der Gegenwart – M. Pöhlmann: Beruf: „Engel-Dolmetscherin“. Alexa Kriele und ihr „Haus der Christosophie“ – S. Murken / S. Namini: Himmlische Dienstleister. Zur psychologischen Bedeutsamkeit der Engel in einer komplexen Welt – G. Schmied: Soziologie der Engel als angewandte Anthropologie – III. C. Gärtner: Der Erzengel Gabriel in der Verkündigungsszene – J. Ev. Hafner: Die Engelssprache - ein Beitrag zur Kommunikationstheorie – T. Ruster: Swedenborgs Gesellschaft der Engel – O. Briese: „Auge an Großhirn, Auge an Großhirn“. Über die Farbkommunikation von Engeln – IV. T. Ruster: Es gibt Systeme. Es gibt Engel – S. Huber: Die dunkle Seite der Macht - Aspekte einer Soziologie des Teufels – L. Tezcan: Wo selbst Engel zittern, kann nur ein Narr helfen! Aber wie? – V. C. Köhle-Hezinger: Engels-Bilder, Engels-Memoria – J. Twardella: Engelbilder von Schülern – K. Sammet: Harry Potter und die Engel. Eine religionssoziologische Analyse – K. Lehmann: Pop-Angels. Engel in der populären Gegenwartskultur – J. Reichertz: Ein Engel für RTL. Linda de Mol als moderne Engelerscheinung – VI. M. N. Ebertz: Engel und soziale Milieus – E. Wunder: Grenzgänger zwischen säkularen und religiösen Welten: Außerirdische als rationalisierte Engel – B. Suin des Boutemard: Business Angels – Engel der Freiheit und des Glücks – W. Gebhardt: Fällt das letzte Höschen, dann fallen auch die Flügel. Zur Soziologie des „sündigen Engels“ – Schluss J. P. Mautner: Die Katastrophé begreifbar machen. Eine kleine Soziologie der Engel resp. ihres Erscheinens in der Literatur der Gegenwart – Personal-Angaben
</marc:subfield>
   </marc:datafield>
   <marc:datafield ind1=" " ind2=" " tag="020">
      <marc:subfield code="a">9783826038501</marc:subfield>
      <marc:subfield code="9">9783826038501</marc:subfield>
   </marc:datafield>
   <marc:datafield ind1=" " ind2=" " tag="020">
      <marc:subfield code="a">3826038509</marc:subfield>
      <marc:subfield code="9">3826038509</marc:subfield>
   </marc:datafield>
   <marc:datafield ind1=" " ind2=" " tag="041">
      <marc:subfield code="a">ger</marc:subfield>
   </marc:datafield>
   <marc:datafield ind1=" " ind2=" " tag="300">
      <marc:subfield code="a">208 S.</marc:subfield>
   </marc:datafield>
</marc:record>
